000 00346nam a2200133Ia 4500
008 190722s9999 xx 000 0 und d
020 _a978-81-265-3749-8
100 _aDouglas C.Montgomery
245 0 _aApplied Statistics and Probability for Engineers
250 _a5th
260 _aDelhi
_bJohn Wiley
_c2014
300 _a768
942 _cBK
999 _c1153
_d1153